An introduction to harmonic analysis.

Guardado en:
Autor Principal: Katznelson, Yitzhak, 1934-
Formato: Libro
Idioma:English
Publicado: New York : Wiley, [1968]
Materias:
Etiquetas: Agregar Etiqueta
Sin Etiquetas, Sea el primero en etiquetar este registro!
LEADER 00612cam a2200205 a 4500
001 MAT.inmabb005650
008 681309s1968####nyu######b####000#0#eng##
005 20120607173951.0
245 1 3 |a An introduction to harmonic analysis. 
260 |a New York :  |b Wiley,  |c [1968] 
300 |a xiv, 264 p. ;  |c 23 cm. 
504 |a Bibliografía: p. 261-262. 
510 4 |a MR,  |c 40 #1734 
100 1 |a Katznelson, Yitzhak,  |d 1934- 
740 0 |a Harmonic analysis. 
650 0 |a Harmonic analysis. 
084 |a 43-01 (42-02 43-02)  |2 msc2000 
010 |a  68018581  
040 |a DLC  |c DLC  |d DLC 
859 |h 43  |i K19  |p A-3135  |b BIB. MATEMATICA